000 00783cpcaa2200241 4500
001 mm 79005093
003 DLC
005 20260227111649.0
008 790209|||||||||||| eng
010 _amm 79005093
040 _aDLC
_cDLC
_edacs
_dDLC
072 7 _aL
_2lcmd
100 1 _aBurwell, William M.
_q(William MacCreary),
_d1809-1888.
245 0 0 _aWilliam M. Burwell papers,
_f1851-1863.
300 _a14
_fitems.
506 0 _aOpen to research.
545 0 _aPoet.
546 _aCollection material in English.
580 _aForms part of: Miscellaneous Manuscripts collection.
656 7 _aPoets.
_2itoamc
999 _c41773
_d41773